000 00346nam a2200145Ia 4500
003 OSt
005 20231120092004.0
008 170523s9999 xx 000 0 und d
020 _a9788120326330
040 _cIIMT UNIVERSITY
100 _aALTEHAV
245 0 _aENTREPRENEURSHIP RESOURCE PLANNING
260 _bTATA MC GRAW HILL
942 _2ddc
_c02
999 _c1743
_d1743